| 000 | 00568nam a2200217 i 4500 | ||
|---|---|---|---|
| 001 | bg | ||
| 100 | 1 | _aJabłoński, Jan. | |
| 245 | 1 | 0 |
_aCzy ergonomia jest nauką? / _cJan Jabłoński. |
| 260 |
_aPoznań : _bWydawnictwo Politechniki Poznańskiej, _c2005. |
||
| 300 |
_a120, [1] s. ; _c24 cm. |
||
| 504 | _aBibliogr. s. 119-[121]. | ||
| 650 | 9 | _aErgonomia | |
| 015 | _aPB 3165/2006 | ||
| 020 | _a8371433778 | ||
| 040 | _cBPK | ||
| 041 | 0 | _apol | |
| 080 | _a331.101.1 | ||
| 920 | _a83-7143-377-8 | ||
| 942 | _cKS | ||
| 008 | s pl f |000 0 pol | ||
| 999 |
_c51864 _d51864 |
||
| 856 |
_uhttp://koha.tu.koszalin.pl/cgi-bin/koha/opac-detail.pl?biblionumber=51864 _yKatalog online BPK |
||